书目信息 |
| 题名: |
司法鉴定法律精要与依据指引
|
|
| 作者: | 邹明理 主编 | |
| 分册: | ||
| 出版信息: | 北京 人民出版社 2010.02 |
|
| 页数: | 340页 | |
| 开本: | 20cm | |
| 丛书名: | ||
| 单 册: | ||
| 中图分类: | D926.05 | |
| 科图分类: | ||
| 主题词: | ||
| 电子资源: | ||
| ISBN: | 978-7-01-004639-6 | |
| 000 | 00761nam 0000241 | |
| 001 | 548593 | |
| 005 | 20100812142204.10 | |
| 010 | @a978-7-01-004639-6@dCNY45.00 | |
| 100 | @a20100515d2010 em y0chiy0121 ea | |
| 101 | @achi | |
| 102 | @aCN@b110000 | |
| 105 | @ay z 000yy | |
| 200 | 10 | @a司法鉴定法律精要与依据指引@Asi fa jian ding fa lu jing yao yu yi ju zhi yin@f邹明理主编@Fzou ming li zhu bian |
| 205 | @a第3版 | |
| 210 | @a北京@c人民出版社@d2010.02 | |
| 215 | @a340页@d20cm | |
| 330 | @a本书共分为八章,主要内容有司法鉴定的原则与分类,司法鉴定程序,司法鉴定人,司法鉴定体制等。 | |
| 540 | @a司法鉴定法律精要与依据指引 | |
| 606 | @0 | |
| 690 | @aD926.05@v4 | |
| 701 | 0 | @a邹明理@Azou ming li@4主编 |
| 801 | @aCN@c20100515 | |
| 905 | @dD926.05@eZ968=3@f5 | |
| 司法鉴定法律精要与依据指引/邹明理主编.-第3版.-北京:人民出版社,2010.02 |
| 340页;20cm |
| ISBN 978-7-01-004639-6:CNY45.00 |
| 本书共分为八章,主要内容有司法鉴定的原则与分类,司法鉴定程序,司法鉴定人,司法鉴定体制等。 |
| ● |
| 相关链接 |
|
|
|
正题名:司法鉴定法律精要与依据指引
索取号:D926.05/Z968=3
 
预约/预借
| 序号 | 登录号 | 条形码 | 馆藏地/架位号 | 状态 | 备注 |
| 1 | 1026050 | 210260509 | 社科库509/422社科库 38排2列2层/ [索取号:D926.05/Z968=3] | 在馆 | |
| 2 | 1026051 | 210260518 | 社科库509/422社科库 38排2列2层/ [索取号:D926.05/Z968=3] | 在馆 | |
| 3 | 1026052 | 210260527 | 社科库509/422社科库 38排2列2层/ [索取号:D926.05/Z968=3] | 在馆 | |
| 4 | 1026053 | 210260536 | 社科库509/509社科库 104排1列3层/ [索取号:D926.05/Z968=3] | 在馆 | |
| 5 | 1026054 | 210260545 | 社科库509/509社科库 104排1列3层/ [索取号:D926.05/Z968=3] | 在馆 |